| 000 | 00585nam a22001817a 4500 | ||
|---|---|---|---|
| 005 | 20250625100646.0 | ||
| 008 | 250625b |||||||| |||| 00| 0 eng d | ||
| 020 | _a978-178583338-0 | ||
| 050 | _aLB 1737 .C563 2019 | ||
| 100 | _a CLAXTON,GUY, | ||
| 245 | _aPOWERING UP STUDENTS: THE LEARNING POWER APPROACH TO HIGH SCHOOL TEACHING | ||
| 260 |
_aWILLISTON, VT _b CROWN HOUSE PUBLISHING LIMITED _c 2019 |
||
| 300 | _axii, 356 pages : ill | ||
| 500 | _aINCLUDES BIBLIOGRAPHICAL REFERENCES | ||
| 650 | _aHIGH SCHOOL TEACHING | ||
| 700 | _aPOWELL, GRAHAM, | ||
| 942 |
_2lcc _cBK |
||
| 999 |
_c215756 _d215756 |
||